000 00796 a2200253 4500
005 20260309111101.0
008 260305b |||||||| |||| 00| 0 eng d
020 _a0-7506-4097-9
037 _cTB
040 _aCRL
_cCRL
041 _2eng
_aeng
084 _aX5 P1
_qCRL
100 _aMorrison, Alison
_91112454
245 _aEntrepreneurship in the hospitality, tourism and leisure industries
260 _aNew York, USA:
_bRoutledge,
_c2001.
300 _axiii, 250p.
365 _b71.99
_cGBP
650 _aBusiness
650 _aEconomics
700 _aRimmington ,Mike
_eAuthor,
_91123610
700 _aWilliams, Claire
_eAuthor,
_91123611
942 _cTB
_2CC
_hX5 P1
999 _c1678300
_d1678300